[Event "Dortmund Sparkassen op-B 44th"]
[Site "Dortmund"]
[Date "2016.07.12"]
[Round "4"]
[White "Raskin, Vitaly"]
[Black "Steinberg, Christian"]
[Result "1-0"]
[WhiteElo "1676"]
[BlackElo "1820"]
[PlyCount "75"]
[EventDate "2016.07.09"]
[EventType "swiss"]
[EventRounds "9"]
[EventCountry "GER"]
[SourceTitle "CBM 173 Extra"]
[Source "ChessBase"]
[SourceDate "2016.08.29"]
[SourceVersion "1"]
[SourceVersionDate "2016.08.29"]
[SourceQuality "1"]

1. Nf3 c5 2. d4 cxd4 3. Nxd4 e6 4. e4 Nc6 5. Be3 Qc7 6. Be2 Nf6 7. Nd2 d5 8. Nb5 Qb8 9. f3 a6 10. Nd4 Bd6 11. g3 0-0 12. c3 Bd7 13. Bd3 b5 14. f4 dxe4 15. Nxe4 Nd5 16. Bf2 Be7 17. 0-0 Rc8 18. Qh5 g6 19. Qe2 Na5 20. Rad1 Nc4 21. Bxc4 Rxc4 22. Nf3 Qb7 23. Bd4 f6 24. Rd2 Rac8 25. Rfd1 Kf7 26. Bxf6 Rxe4 27. Ng5+ Kxf6 28. Nxe4+ Kg7 29. Nf2 Bc5 30. Qe5+ Kf7 31. Re1 Re8 32. h4 Qb6 33. Ree2 Bd6 34. Qd4 Qxd4 35. cxd4 Bc6 36. Ne4 Bf8 37. Ng5+ Kf6 38. Nxh7+ 1-0

[Event "Dortmund Sparkassen op-B 44th"]
[Site "Dortmund"]
[Date "2016.07.09"]
[Round "1"]
[White "Steinberg, Christian"]
[Black "Diegel, Jonas"]
[Result "1-0"]
[WhiteElo "1820"]
[BlackElo "1577"]
[PlyCount "61"]
[EventDate "2016.07.09"]
[EventType "swiss"]
[EventRounds "9"]
[EventCountry "GER"]
[SourceTitle "CBM 173 Extra"]
[Source "ChessBase"]
[SourceDate "2016.08.29"]
[SourceVersion "1"]
[SourceVersionDate "2016.08.29"]
[SourceQuality "1"]

1. c4 f5 2. g3 Nf6 3. Nc3 e6 4. Bg2 d5 5. cxd5 exd5 6. Nf3 c6 7. d4 Bd6 8. 0-0 0-0 9. Bg5 Nbd7 10. e3 Qe8 11. Re1 Ne4 12. Bf4 Qe7 13. Nd2 Ndf6 14. f3 Nxd2 15. Qxd2 Re8 16. Rac1 h6 17. h4 g5 18. hxg5 hxg5 19. Bxd6 Qxd6 20. Kf2 Nh5 21. f4 Qg6 22. Rg1 g4 23. Rh1 Re6 24. Rh4 Qe8 25. Nxd5 cxd5 26. Bxd5 Kg7 27. Bxe6 Bxe6 28. d5 Bf7 29. Qd4+ Kg8 30. Rc7 Rd8 31. Rxh5 1-0

[Event "Dortmund Sparkassen op-B"]
[Site "Dortmund"]
[Date "2015.07.03"]
[Round "7"]
[White "Steinberg, Christian"]
[Black "Barth, Hans Joachim"]
[Result "1/2-1/2"]
[WhiteElo "1860"]
[BlackElo "1727"]
[PlyCount "48"]
[EventDate "2015.06.27"]
[EventType "swiss"]
[EventRounds "9"]
[EventCountry "GER"]
[SourceTitle "CBM 167 Extra"]
[Source "ChessBase"]
[SourceDate "2015.09.14"]
[SourceVersion "1"]
[SourceVersionDate "2015.09.14"]
[SourceQuality "1"]

1. c4 g6 2. d4 Bg7 3. Nc3 c5 4. Nf3 cxd4 5. Nxd4 Nc6 6. Nf3 Nf6 7. e4 d6 8. Bd3 Bg4 9. h3 Bxf3 10. Qxf3 Ne5 11. Qd1 Rc8 12. 0-0 0-0 13. b3 Nxd3 14. Qxd3 Nxe4 15. Qxe4 Bxc3 16. Rb1 Qc7 17. Bh6 Bg7 18. Bxg7 Kxg7 19. Rfe1 Rfe8 20. Rbd1 Kg8 21. h4 h5 22. g4 hxg4 23. Qxg4 Qa5 24. Rxe7 Rxe7 1/2-1/2

[Event "Dortmund Sparkassen op-B"]
[Site "Dortmund"]
[Date "2015.06.29"]
[Round "3"]
[White "Steinberg, Christian"]
[Black "Goerke, Joachim"]
[Result "0-1"]
[WhiteElo "1860"]
[BlackElo "1986"]
[PlyCount "78"]
[EventDate "2015.06.27"]
[EventType "swiss"]
[EventRounds "9"]
[EventCountry "GER"]
[SourceTitle "CBM 167 Extra"]
[Source "ChessBase"]
[SourceDate "2015.09.14"]
[SourceVersion "1"]
[SourceVersionDate "2015.09.14"]
[SourceQuality "1"]

1. Nf3 c5 2. g3 Nc6 3. Bg2 g6 4. c4 Bg7 5. Nc3 e5 6. d3 h6 7. Bd2 f5 8. Rb1 Nge7 9. a3 a5 10. Nd5 0-0 11. e4 d6 12. h3 b6 13. 0-0 fxe4 14. Nxe7+ Nxe7 15. dxe4 Be6 16. b3 Qd7 17. Kh2 a4 18. Bc1 axb3 19. Qxb3 b5 20. Qxb5 Nc6 21. Qb7 Qxb7 22. Rxb7 Na5 23. Re7 Nxc4 24. Rd1 Rf6 25. Rd3 Bf8 26. Rb7 Na5 27. Rb6 c4 28. Rc3 Nb3 29. Bb2 Nd4 30. Nxd4 exd4 31. Rf3 Rxf3 32. Bxf3 c3 33. e5 Rd8 34. Bc1 Kg7 35. Rb7+ Rd7 36. Rb5 d3 37. exd6 d2 38. Bxd2 cxd2 39. Bg2 Bxd6 0-1

[Event "Dortmund Sparkassen op-B"]
[Site "Dortmund"]
[Date "2015.06.28"]
[Round "2"]
[White "Titgemeyer, Eva Maria"]
[Black "Steinberg, Christian"]
[Result "0-1"]
[WhiteElo "1625"]
[BlackElo "1860"]
[PlyCount "66"]
[EventDate "2015.06.27"]
[EventType "swiss"]
[EventRounds "9"]
[EventCountry "GER"]
[SourceTitle "CBM 167 Extra"]
[Source "ChessBase"]
[SourceDate "2015.09.14"]
[SourceVersion "1"]
[SourceVersionDate "2015.09.14"]
[SourceQuality "1"]

1. e4 c5 2. Nf3 e6 3. d4 cxd4 4. Nxd4 a6 5. Nc3 Qc7 6. Bd3 Nc6 7. Nxc6 bxc6 8. Be3 Nf6 9. 0-0 d5 10. exd5 exd5 11. Bd4 Be7 12. Re1 0-0 13. Qf3 Be6 14. Ne2 c5 15. Bxf6 Bxf6 16. c3 Bg5 17. Qh5 h6 18. h4 Bf6 19. g4 Qe5 20. g5 Be7 21. Nd4 Qf4 22. Nxe6 fxe6 23. Qe2 Kh8 24. gxh6 Bd6 25. hxg7+ Kxg7 26. f3 Rg8 27. Kf1 Rae8 28. Qe3 Qxh4 29. Bxa6 Kf6 30. b3 Qh3+ 31. Ke2 Qh2+ 32. Kd1 Rg2 33. Re2 Reg8 0-1

[Event "Dortmund Sparkassen op-B"]
[Site "Dortmund"]
[Date "2015.06.27"]
[Round "1"]
[White "Steinberg, Christian"]
[Black "Zygan, Michael"]
[Result "1-0"]
[WhiteElo "1860"]
[BlackElo "1609"]
[PlyCount "75"]
[EventDate "2015.06.27"]
[EventType "swiss"]
[EventRounds "9"]
[EventCountry "GER"]
[SourceTitle "CBM 167 Extra"]
[Source "ChessBase"]
[SourceDate "2015.09.14"]
[SourceVersion "1"]
[SourceVersionDate "2015.09.14"]
[SourceQuality "1"]

1. c4 Nf6 2. Nf3 c6 3. g3 d5 4. d4 Bf5 5. Bg2 e6 6. b3 Nbd7 7. Nc3 Bb4 8. Bd2 Qa5 9. Qc1 Qa6 10. Nb1 Bd6 11. 0-0 0-0 12. c5 Bc7 13. Re1 e5 14. e3 Bd3 15. dxe5 Nxe5 16. Bc3 Nxf3+ 17. Bxf3 Ne4 18. b4 b6 19. cxb6 axb6 20. Bd4 Qb7 21. Qb2 f6 22. Nd2 Ng5 23. Bg2 Rae8 24. Qc3 Bf5 25. Rec1 Re6 26. Bxd5 Nh3+ 27. Kg2 cxd5 28. Qxc7 Qa6 29. Re1 Rc8 30. Qd7 Rc2 31. e4 Bg4 32. exd5 Rxd2 33. Qd8+ Kf7 34. dxe6+ Kg6 35. Qd5 Qd3 36. Qe4+ Qxe4+ 37. Rxe4 Ng5 38. Rxg4 1-0

[Event "Dortmund Sparkassen op-B"]
[Site "Dortmund"]
[Date "2013.07.29"]
[Round "3"]
[White "Steinberg, Christian"]
[Black "Gesinghaus, Dustin"]
[Result "1-0"]
[WhiteElo "1573"]
[BlackElo "1736"]
[PlyCount "65"]
[EventDate "2013.07.27"]
[EventType "swiss"]
[EventRounds "9"]
[EventCountry "GER"]
[SourceTitle "EXT 2022"]
[Source "ChessBase"]
[SourceDate "2021.10.06"]
[SourceVersion "1"]
[SourceVersionDate "2021.10.06"]
[SourceQuality "1"]

1. c4 e5 2. g3 Nc6 3. Bg2 Nf6 4. Nc3 Bc5 5. Nf3 0-0 6. 0-0 d6 7. Na4 Bb6 8. d3 h6 9. Nxb6 axb6 10. b3 Bg4 11. Bb2 Qd7 12. Re1 Bh3 13. Bh1 Nh7 14. d4 e4 15. Nd2 f5 16. Bg2 Bxg2 17. Kxg2 g5 18. a3 Rae8 19. e3 f4 20. exf4 gxf4 21. Rxe4 f3+ 22. Kg1 Rxe4 23. Nxe4 Qg4 24. Qd3 Re8 25. Re1 Ne7 26. Nd2 Ng5 27. Ne4 Nh3+ 28. Kf1 Rf8 29. Nf6+ Rxf6 30. Rxe7 Ng5 31. d5 Qh3+ 32. Ke1 Qxh2 33. Bxf6 1-0

[Event "Dortmund Sparkassen op-B"]
[Site "Dortmund"]
[Date "2013.07.28"]
[Round "2"]
[White "Ziabari, Morteza"]
[Black "Steinberg, Christian"]
[Result "1/2-1/2"]
[WhiteElo "1886"]
[BlackElo "1573"]
[PlyCount "68"]
[EventDate "2013.07.27"]
[EventType "swiss"]
[EventRounds "9"]
[EventCountry "GER"]
[SourceTitle "EXT 2022"]
[Source "ChessBase"]
[SourceDate "2021.10.06"]
[SourceVersion "1"]
[SourceVersionDate "2021.10.06"]
[SourceQuality "1"]

1. e4 c5 2. Nc3 Nc6 3. f4 d6 4. Bb5 Bd7 5. Nf3 Nf6 6. a3 Qb6 7. d3 g6 8. Qe2 Bg7 9. 0-0 0-0 10. Bc4 Rad8 11. e5 Nh5 12. Nd5 Nxf4 13. Bxf4 Qxb2 14. Rfb1 Nd4 15. Nxe7+ Kh8 16. Qf2 Nxf3+ 17. gxf3 Qc3 18. Nd5 Qa5 19. Bd2 Qa4 20. Nc3 Qc6 21. Bd5 Qc8 22. Bxb7 Qb8 23. Bd5 Qc8 24. exd6 Bd4 25. Be3 Bxc3 26. Ra2 Be6 27. Bxe6 Qxe6 28. Rb3 Rfe8 29. Bxc5 Qd5 30. Rxc3 Qxa2 31. Qd4+ Kg8 32. Qf6 Qb1+ 33. Kg2 Qe1 34. Bf2 Rxd6 1/2-1/2

[Event "Dortmund Sparkassen op-B"]
[Site "Dortmund"]
[Date "2012.07.14"]
[Round "1"]
[White "Steinberg, Christian"]
[Black "Ziabari, Morteza"]
[Result "0-1"]
[WhiteElo "1539"]
[BlackElo "1774"]
[PlyCount "72"]
[EventDate "2012.07.14"]
[EventType "swiss"]
[EventRounds "9"]
[EventCountry "GER"]
[SourceTitle "EXT 2014"]
[Source "ChessBase"]
[SourceDate "2013.11.20"]
[SourceVersion "1"]
[SourceVersionDate "2013.11.20"]
[SourceQuality "1"]

1. e4 d6 2. Nf3 Nf6 3. Nc3 c6 4. d4 Qc7 5. Be3 Bg4 6. Be2 Nbd7 7. Qd2 e5 8. h3 Bh5 9. 0-0 Nb6 10. dxe5 dxe5 11. Rfd1 Bxf3 12. Bxf3 Nc4 13. Qc1 Bb4 14. Rd3 0-0 15. a3 Ba5 16. b4 Nxe3 17. Qxe3 Bb6 18. Qe2 a5 19. Rad1 axb4 20. axb4 Bd4 21. Qe1 h6 22. Ne2 Bb6 23. c4 Qe7 24. c5 Bc7 25. Nc3 Rfd8 26. Rxd8+ Rxd8 27. Rxd8+ Bxd8 28. Qd2 b6 29. Na4 bxc5 30. Nxc5 Bb6 31. Nd3 Bd4 32. Qc2 Qc7 33. b5 c5 34. Qc4 Ne8 35. Nb4 cxb4 36. Qxb4 Qc1+ 0-1

[Event "Dortmund Sparkassen op-B"]
[Site "Dortmund"]
[Date "2010.07.22"]
[Round "6"]
[White "Steinberg, Christian"]
[Black "Lange, Hans Werner"]
[Result "0-1"]
[WhiteElo "1460"]
[BlackElo "1611"]
[PlyCount "120"]
[EventDate "2010.07.17"]
[EventType "swiss"]
[EventRounds "9"]
[EventCountry "GER"]
[SourceTitle "EXT 2014"]
[Source "ChessBase"]
[SourceDate "2013.11.20"]
[SourceVersion "1"]
[SourceVersionDate "2013.11.20"]
[SourceQuality "1"]

1. e4 d6 2. Nf3 g6 3. c3 Bg7 4. d4 Nc6 5. Bc4 Nf6 6. Nbd2 e5 7. d5 Ne7 8. Bb3 b5 9. a4 Ba6 10. axb5 Bxb5 11. Ba4 Bxa4 12. Qxa4+ Nd7 13. 0-0 0-0 14. c4 h6 15. b3 f5 16. Re1 Nc5 17. Qa3 a5 18. Qa2 Qd7 19. Ba3 Nd3 20. Re3 fxe4 21. Nxe4 Nf4 22. Kf1 Qg4 23. Ne1 Nf5 24. Rc3 Nxg2 25. Nxg2 Qxe4 26. Re1 Qg4 27. c5 Rf6 28. cxd6 cxd6 29. Qc2 Raf8 30. h3 Qh5 31. Qe2 Qxe2+ 32. Rxe2 e4 33. Rxe4 Ne7 34. Rxe7 Rxf2+ 35. Kg1 Bxc3 36. Bxd6 Bb4 37. Bxb4 axb4 38. d6 Rd2 39. d7 g5 40. Kh2 Rff2 41. Re8+ Kf7 42. d8Q Rxg2+ 43. Kh1 Rxd8 44. Rxd8 Rg3 45. Rd6 Rxh3+ 46. Kg2 g4 47. Rd4 Rxb3 48. Rxg4 Rb1 49. Kf2 b3 50. Rb4 Kg6 51. Kg2 Kg5 52. Rb5+ Kg4 53. Rb4+ Kf5 54. Kf2 h5 55. Rb5+ Kg4 56. Rb4+ Kh3 57. Kf3 b2 58. Kf2 h4 59. Rb3+ Kh2 60. Rb4 h3 0-1

[Event "Dortmund Sparkassen op-B"]
[Site "Dortmund"]
[Date "2010.07.19"]
[Round "3"]
[White "Huebben, Dominik"]
[Black "Steinberg, Christian"]
[Result "1-0"]
[WhiteElo "1746"]
[BlackElo "1460"]
[PlyCount "129"]
[EventDate "2010.07.17"]
[EventType "swiss"]
[EventRounds "9"]
[EventCountry "GER"]
[SourceTitle "EXT 2014"]
[Source "ChessBase"]
[SourceDate "2013.11.20"]
[SourceVersion "1"]
[SourceVersionDate "2013.11.20"]
[SourceQuality "1"]

1. e4 e6 2. d4 d5 3. Nd2 Nc6 4. exd5 exd5 5. Ngf3 Bg4 6. c3 Nf6 7. Bd3 Bd6 8. 0-0 0-0 9. Nb3 h6 10. Bc2 Ne7 11. Nc5 Rb8 12. Nd3 Ng6 13. h3 Bf5 14. Be3 Re8 15. Qd2 Kh7 16. Ba4 Bd7 17. Bb3 Bb5 18. Rfe1 c6 19. a4 Ba6 20. Nc5 Ne4 21. Nxe4 Rxe4 22. Ne5 Bxe5 23. dxe5 Rxe5 24. Bxa7 Ra8 25. Bd4 Re6 26. Rxe6 fxe6 27. Qe3 Qd7 28. Re1 Re8 29. Bc2 Qf7 30. f4 Kg8 31. f5 Nf8 32. Bc5 e5 33. Bxf8 Qxf8 34. g4 e4 35. b4 Qd6 36. a5 Qe5 37. Kg2 Qc7 38. Qg3 Qe7 39. Qf4 Qf6 40. Qe3 Qe5 41. Qd4 Qf4 42. Qe3 Qe5 43. Bb3 Qf6 44. Qd4 Qxd4 45. cxd4 Kf7 46. Kg3 Kf6 47. Kf4 Bb5 48. Re3 Bd3 49. h4 g5+ 50. Kg3 Rg8 51. h5 Re8 52. Re1 Ra8 53. Ra1 Bb5 54. Kf2 Bd3 55. Ke3 Bb5 56. Rc1 Rc8 57. Bxd5 Bd3 58. Bxe4 Bxe4 59. Kxe4 Re8+ 60. Kf3 Rd8 61. Rc4 Re8 62. a6 Ke7 63. axb7 Kd6 64. b5 Rb8 65. bxc6 1-0